| 000 | 00818nam a2200205Ia 4500 | ||
|---|---|---|---|
| 003 | IN-BaIIA | ||
| 008 | 211028s9999 xx 000 0 eng d | ||
| 020 | _a0-7923-1397-6 | ||
| 040 | _cIIA Library | ||
| 080 |
_a524.337(082.2) _bNEU |
||
| 111 |
_aNATO Advanced Study institutes on Neutron Stars, theory and Observation _cCrete _d1990 Sep. 3-14 _932620 |
||
| 245 | 0 |
_aNeutron Stars _bproceedings of the NATO Advanced Study Institutes on neutron Stars, theory and observation, held in Crete, Greece, Sept.ember 3-14, 1990 _cedited by Joseph Ventura and David Pines. |
|
| 260 |
_aDordrecht _bKluwer Academic _c1991 |
||
| 300 | _a[various pagings.] | ||
| 650 |
_aNeutron Stars _97729 |
||
| 650 |
_aX- ray eMissions _932621 |
||
| 700 |
_aPines, David., ed. _917662 |
||
| 700 |
_aVentura, Joseph., ed. _917663 |
||
| 942 | _cBK | ||
| 999 |
_c17297 _d17297 |
||